|
|
|
|
| LEADER |
02593nam a2200601 a 4500 |
| 001 |
nkc20081833740 |
| 003 |
CZ PrNK |
| 005 |
20090226154407.0 |
| 007 |
ta |
| 008 |
081203s2008 xr f p 000 0 cze |
| 015 |
|
|
|a cnb001833740
|
| 020 |
|
|
|a 978-80-244-2102-5
|q (brož.) :
|c neprodejné
|
| 035 |
|
|
|a (OCoLC)316678019
|
| 040 |
|
|
|a BOA001
|b cze
|
| 041 |
0 |
|
|a cze
|a slo
|
| 043 |
|
|
|a e------
|
| 072 |
|
7 |
|a 376
|x Výchova a vzdělávání zvláštních skupin osob
|2 Konspekt
|9 22
|
| 072 |
|
7 |
|a 37.016
|x Učební osnovy. Vyučovací předměty. Učebnice
|2 Konspekt
|9 22
|
| 080 |
|
|
|a 316.344.6-056.26/.3
|2 MRF
|
| 080 |
|
|
|a 37.0-022.324
|2 MRF
|
| 080 |
|
|
|a 331.53
|2 MRF
|
| 080 |
|
|
|a 376
|2 MRF
|
| 080 |
|
|
|a (4)
|2 MRF
|
| 080 |
|
|
|a (062.534)
|2 MRF
|
| 080 |
|
|
|a (07)
|2 MRF
|
| 245 |
0 |
0 |
|a Přístup k osobám se specifickými potřebami v zemích EU z pohledu vzdělávání dospělých /
|c Petra Jurkovičová, editorka
|
| 250 |
|
|
|a 1. vyd.
|
| 260 |
|
|
|a Olomouc :
|b Univerzita Palackého v Olomouci,
|c 2008
|
| 300 |
|
|
|a 110 s. ;
|c 29 cm
|
| 500 |
|
|
|a Nad názvem: Univerzita Palackého v Olomouci, Pedagogická fakulta
|
| 504 |
|
|
|a Obsahuje bibliografie a bibliografické odkazy
|
| 521 |
8 |
|
|a Určeno pro studenty speciální pedagogiky a pro odbornou veřejnost
|
| 546 |
|
|
|a Část. slovenský text
|
| 650 |
0 |
7 |
|a osoby se zdravotním postižením
|7 ph127575
|z země Evropské unie
|2 czenas
|
| 650 |
0 |
7 |
|a celoživotní vzdělávání
|7 ph119091
|z země Evropské unie
|2 czenas
|
| 650 |
0 |
7 |
|a profesní uplatnění
|7 ph134653
|z země Evropské unie
|2 czenas
|
| 650 |
0 |
7 |
|a speciální pedagogika
|7 ph116230
|z země Evropské unie
|2 czenas
|
| 650 |
0 |
9 |
|a people with disabilities
|z European Union countries
|2 eczenas
|
| 650 |
0 |
9 |
|a permanent education
|z European Union countries
|2 eczenas
|
| 650 |
0 |
9 |
|a employment
|z European Union countries
|2 eczenas
|
| 650 |
0 |
9 |
|a special education
|z European Union countries
|2 eczenas
|
| 655 |
|
7 |
|a sborníky konferencí
|7 fd133333
|2 czenas
|
| 655 |
|
7 |
|a učební texty
|7 fd133599
|2 czenas
|
| 655 |
|
9 |
|a proceedings of conferences
|2 eczenas
|
| 655 |
|
9 |
|a educational texts
|2 eczenas
|
| 700 |
1 |
|
|a Jurkovičová, Petra,
|d 1980-
|7 mzk2008486335
|4 edt
|
| 710 |
2 |
|
|a Univerzita Palackého.
|b Pedagogická fakulta
|7 kn20010709375
|
| 856 |
4 |
1 |
|u http://www.digitalniknihovna.cz/mzk/uuid/uuid:21ebdd20-0b7c-11ee-86bd-005056827e52
|y Digitalizovaný dokument
|x NDK
|
| 910 |
2 |
|
|a BOA001
|b 3-1215.654
|
| 990 |
|
|
|a BK
|
| 995 |
|
|
|a 01
|
| 991 |
|
|
|b 200901
|c NOV
|
| 996 |
6 |
|
|b 2610361782
|c 3-1215.654
|l MZK
|r Sklad / do 1 hodiny
|n 8
|p p.v.
|w 000923479
|u 000010
|a 1
|e BOA001
|j MZK50
|s P
|